Normal view
MARC view
Entry Personal Name
001 - CONTROL NUMBER
- control field: 9198
003 - CONTROL NUMBER IDENTIFIER
- control field: ARRUPE
005 - DATE AND TIME OF LATEST TRANSACTION
- control field: 20140320141408.0
008 - FIXED-LENGTH DATA ELEMENTS
- fixed length control field: 140320|| aca||aabn | a|a d
040 ## - CATALOGING SOURCE
- Original cataloging agency: ARRUPE
- Transcribing agency: ARRUPE
100 ## - HEADING--PERSONAL NAME
- Personal name: Theal, George M.
670 ## - SOURCE DATA FOUND
- Source citation: Work cat.: (ARRUPE): Theal, George M., South Africa, 1899